000 00291nam a22001337a 4500
008 180316b xxu||||| |||| 00| 0 eng d
020 _a9780077211530
041 _aeng
080 _a78
100 _a45
101 _amus
245 _amusic an appreciaiton
_clindahl.s
942 _2udc
_cBK
999 _c45279
_d45279